Biggest Cities In Dutch Speaking Countries - Statistics

General Stats
  • This quiz has been taken 54 times
  • The average score is 8 of 14
Answer Stats
Population City % Correct
851,573 Amsterdam
100%
635,389 Rotterdam
98%
527,748 The Hague
90%
517,042 Antwerp
78%
227,751 Eindhoven
78%
345,080 Utrecht
71%
200,733 Groningen
67%
240,924 Paramaribo
59%
357,029 Ghent
51%
183,456 Breda
41%
175,002 Nijmegen
37%
214,381 Tilburg
33%
202,764 Almere
31%
160,852 Apel Doors
0%
No matching quizzes found
Score Distribution
Percent of People with Each Score
Percentile by Number Answered
Your Score History
You have not taken this quiz